书目信息 |
| 题名: |
书画篆刻实用辞典
|
|
| 作者: | 岑久发 主编 | |
| 分册: | ||
| 出版信息: | 上海 上海书画出版社 1988.10 |
|
| 页数: | 779页 | |
| 开本: | 20厘米 | |
| 丛书名: | ||
| 单 册: | ||
| 中图分类: | J22-61 , J292-61 | |
| 科图分类: | ||
| 主题词: | 美术--中国--词典 , 书法--中国 , 篆刻--中国 | |
| 电子资源: | ||
| ISBN: | 7-80512-175-3 | |
| 000 | 00888nam0 2200277 45 | |
| 001 | 0189001854 | |
| 005 | 20061114145056.25 | |
| 010 | @a7-80512-175-3@b精装@dCNY13.50 | |
| 020 | @aCN@b89001854 | |
| 100 | @a19900806d1988 m y0chiy0120 ea | |
| 101 | 0 | @achi |
| 102 | @aCN@b310000 | |
| 105 | @ay e 001yy | |
| 200 | 10 | @a书画篆刻实用辞典@Ashu hua zhuan ke shi yong ci dian@f岑久发主编@Fcen jiu fa zhu bian |
| 210 | @a上海@c上海书画出版社@d1988.10 | |
| 215 | @a779页@d20厘米 | |
| 330 | @a本书共分书法、绘画、篆刻、文房四编,共计条目四千条,并附录中国书法、绘画、篆刻、装裱等技法简解。 | |
| 540 | 1 | @a书画 篆刻 辞典@Ashu hua zhuan ke ci dian |
| 606 | @a美术@y中国@x词典 | |
| 606 | 0 | @a书法@x中国 |
| 606 | 0 | @a篆刻@x中国 |
| 690 | @aJ22-61@v1980 | |
| 690 | @aJ292-61@v3 | |
| 701 | 0 | @a岑久发@Acen jiu fa@4主编 |
| 801 | 0 | @aCN@bTSSF@c20061114 |
| 905 | @a10447@dJ292-61@e219 | |
| 书画篆刻实用辞典/岑久发主编.-上海:上海书画出版社,1988.10 |
| 779页;20厘米 |
| ISBN 7-80512-175-3(精装):CNY13.50 |
| 本书共分书法、绘画、篆刻、文房四编,共计条目四千条,并附录中国书法、绘画、篆刻、装裱等技法简解。 |
| ● |
| 相关链接 |
|
|
|
|
正题名:书画篆刻实用辞典
索取号:J292-61/219
 
预约/预借
| 序号 | 登录号 | 条形码 | 馆藏地/架位号 | 状态 | 备注 |
| 1 | 0226004 | 001209034 | 第一样本阅览室/ [索取号:J292-61/219] | 在馆 |